Die höchstgelegenen Städte der Welt - Statistiken

Allgemein
  • Dieses Quiz wurde 43 mal gespielt
  • Das Durchschnittsergebnis liegt bei 12 aus 30
Antwortstatistiken
Höhe Land Stadt % Korrekt
2601 Kolumbien Bogota
97%
2316 Mexiko Mexiko Stadt
95%
2784 Ecuador Quito
89%
3869 Bolivien La Paz
79%
1353 Nepal Kathmandu
74%
2361 Äthiopien Addis Abeba
71%
1624 Südafrika Johannesburg
68%
1845 Afghanistan Kabul
68%
1702 Kenia Nairobi
63%
1365 Südafrika Pretoria
63%
1583 Mexiko Guadalajara
61%
1463 Guatemala Guatemala Stadt
61%
1650 Kolumbien Medellin
55%
2316 Jemen Sana'a
53%
1673 USA Denver
39%
1479 Simbabwe Harare
39%
1473 Ruanda Kigali
39%
1587 Iran Isfahan
29%
2176 Mexiko Puebla
24%
1845 Mexiko Leon
18%
2621 Bolivien Cochabamba
13%
1923 China Kunming
11%
2648 Mexiko Toluca
11%
1449 Iran Tabriz
8%
1571 Iran Shiraz
5%
1598 Indien Srinagar
3%
1359 Iran Kermanshah
0%
1593 China Lanzhou
0%
1873 Mexiko San Luis Potosi
0%
2299 China Xining
0%
Keine übereinstimmenden Quizze gefunden
Verteilung der Resultate
Anzahl Personen mit jedem Resultat
Perzentil nach korrekt beantworteten Fragen
Ihre Resultats-Entwicklung
Sie haben dieses Quiz noch nicht gespielt